| 000 | 00400nam a2200145Ia 4500 | ||
|---|---|---|---|
| 005 | 20260328101453.0 | ||
| 008 | 260328s9999||||xx |||||||||||||| ||und|| | ||
| 100 | _aAshby, Mike | ||
| 245 | 0 |
_aMaterials and Design : _b The art and Science of Material selection in product Design / _cMike Ashby |
|
| 250 | _a2da | ||
| 260 | _bElsevier | ||
| 300 | _a330 p. | ||
| 650 | _aDISEÑO INDUSTRIAL | ||
| 942 | _cBK | ||
| 999 |
_c8748 _d8748 |
||